000 00876nam a22002057a 4500
999 _c57240
_d57240
003 Ge_BSU
005 20200127122901.0
008 200127s2007 ge ||||| |||| 00| 0 geo d
041 _ageo
080 _a347.65/68 ა-97
100 _aახვლედიანი, ზურაბ.
_9807
245 _aმემკვიდრეობის სამართალი /
_cზურაბ ახვლედიანი ; რედ. ბესარიონ ზოიძე.
250 _aმე-3 გამოც.
264 _aთბილისი :
_bბონა კაუზა,
_c2007.
300 _a112 გვ. ;
_c20 სმ.
440 _aიურისტის ბიბლიოთეკა
_9137
653 _aსამართალი
700 _aზოიძე, ბესარიონ
_eრედაქტორი
_96398
942 _2udc
_cBK